000 00757nam a2200229Ia 4500
005 20260601193220.0
008 260601s9999||||xx |||||||||||||| ||und||
020 _a978-981-99-8255-4
_qebk
100 _aSimon K. S. Cheung
245 0 _aTechnology in Education. Innovative Practices for the New Normal
250 _a1st ed. 2024
260 _aHeidelberg, Germany
_bSpringer Nature
_c2024
440 _aCommunications in Computer and Information Science
650 _aComputer Science
700 _aFu Lee Wang
700 _aKam Cheong Li
700 _aKongkiti Phusavat
700 _aNaraphorn Paoprasert
700 _aPeerayuth Charnsethikul
856 _uhttps://link.springer.com/openurl?genre=book&isbn=978-981-99-8255-4
942 _cEB
_2ddc
999 _c55785
_d55785